Del metallo e della carne : romanzo /

সংরক্ষণ করুন:
গ্রন্থ-পঞ্জীর বিবরন
প্রধান লেখক: Patroni Griffi, Giuseppe, (1921-2005) (লেখক)
বিন্যাস: গ্রন্থ
ভাষা:ইতালিয়
প্রকাশিত: Milano : A. Mondadori, 1992
মালা:Scrittori italiani
ট্যাগগুলো: ট্যাগ যুক্ত করুন
কোনো ট্যাগ নেই, প্রথমজন হিসাবে ট্যাগ করুন!

MARC

LEADER 00000nam a2200000 i 4500
001 IT\ICCU\RAV\0190348
003 ItRI
005 20260115231847.0
008 920529s1992 it |||||| ||||| |||||c
015 |2 IT  |a 92-7366 
020 |a 8804357401 
040 |b ita  |c importazione bologna sebina 
041 7 |a ita  |2 ISO-639-2 
082 |a 853.914  |9 NARRATIVA ITALIANA. 1945-  |2 11 
100 1 |a Patroni Griffi, Giuseppe,  |d  (1921-2005)  |0 IT\ICCU\CFIV\062107  |4 aut 
245 1 0 |a Del metallo e della carne :  |b romanzo /  |c Giuseppe Patroni Griffi. 
260 |a Milano :  |b A. Mondadori,  |c 1992 
300 |a 172 p. ;  |c 22 cm 
830 0 |a Scrittori italiani  |0 IT\ICCU\CFI\0169286 
942 |2 ddc  |c BK  |n 0 
952 |0 0  |1 0  |4 0  |6 DOC_853_914000000000000_PAT  |7 0  |9 14465  |a BO  |b BO  |d 2026-01-15  |i 18839  |l 0  |o DOC 853.914 PAT  |p BO18839  |r 2026-01-15 23:18:47  |w 2026-01-15  |x [Sebina 5] [1 v.]  |y BK  |z 1 v. 
999 |c 12480  |d 12480